Nanmakalude sooryan/ (Record no. 141660)

000 -LEADER
fixed length control field 00446nam a22001577a 4500
020 ## - INTERNATIONAL STANDARD BOOK NUMBER
International Standard Book Number 9780000107091
082 ## - DEWEY DECIMAL CLASSIFICATION NUMBER
Classification number M301
Item number BAB/N
100 ## - MAIN ENTRY--PERSONAL NAME
Personal name Baby Vithura
9 (RLIN) 154824
245 ## - TITLE STATEMENT
Title Nanmakalude sooryan/
Statement of responsibility, etc. by Baby Vithura
260 ## - PUBLICATION, DISTRIBUTION, ETC.
Place of publication, distribution, etc. Kottayam:
Name of publisher, distributor, etc. Sahithay Pravarthaka Co-operative Society,
Date of publication, distribution, etc. 2010.
300 ## - PHYSICAL DESCRIPTION
Extent 120p.
650 ## - SUBJECT ADDED ENTRY--TOPICAL TERM
Topical term or geographic name entry element Stories Malayalam
9 (RLIN) 154825
650 ## - SUBJECT ADDED ENTRY--TOPICAL TERM
Topical term or geographic name entry element Literature Malayalam
9 (RLIN) 154826
650 ## - SUBJECT ADDED ENTRY--TOPICAL TERM
Topical term or geographic name entry element Literature
9 (RLIN) 154827
942 ## - ADDED ENTRY ELEMENTS (KOHA)
Koha item type Book
Holdings
Withdrawn status Lost status Damaged status Not for loan Permanent Location Current Location Shelving location Date acquired Cost, normal purchase price Total Checkouts Full call number Barcode Date last seen Price effective from Koha item type
        Sree Sankaracharya University of Sanskrit Sree Sankaracharya University of Sanskrit Stacks 27.04.2019 85.00   M301 BAB/N 095018 27.04.2019 27.04.2019 Book